Mergers, acquisitions and corporate restructuring / (Record no. 77093)

MARC details
000 -LEADER
fixed length control field 00612nam a22002177a 4500
005 - DATE AND TIME OF LATEST TRANSACTION
control field 20130913114626.0
010 ## - LCCN (DPL NO)
LC control number ENG-107801
020 ## - INTERNATIONAL STANDARD BOOK NUMBER
International Standard Book Number 9789325964556
Terms of availability 445.00
035 ## - SYSTEM CONTROL NUMBER
System control number EN-91334
037 ## - SOURCE OF ACQUISITION
Source of stock number/acquisition DBAD/PUB
082 ## - DEWEY DECIMAL CLASSIFICATION NUMBER
Classification number 658.16
100 ## - MAIN ENTRY--PERSONAL NAME
Personal name Godbole, Prasad G
245 ## - TITLE STATEMENT
Title Mergers, acquisitions and corporate restructuring /
Statement of responsibility, etc by Prasad G Godbole
250 ## - EDITION STATEMENT
Edition statement 2nd ed
260 ## - PUBLICATION, DISTRIBUTION, ETC. (IMPRINT)
Place of publication, distribution, etc Noida
Name of publisher, distributor, etc Vikas Publishing House
Date of publication, distribution, etc 2013
270 ## - ADDRESS
Address E-28, Sector-8
City Noida
Postal code 201301
300 ## - PHYSICAL DESCRIPTION
Extent xix,565 p.
Dimensions 24cm(pbk)
500 ## - GENERAL NOTE
General note Includes index
700 ## - ADDED ENTRY--PERSONAL NAME
Personal name
942 ## - ADDED ENTRY ELEMENTS (KOHA)
Source of classification or shelving scheme Dewey Decimal Classification
Item type English Books
Call number suffix GOD
Classification part 658.16
Holdings
Withdrawn status Lost status Not for loan Collection code Home library Current library Date acquired Source of acquisition Cost, normal purchase price Full call number Barcode Copy number Cost, replacement price Koha item type
    Not For Loan Non-fiction D.B.Act.Division D.B.Act.Division 01/07/2013 DBAD/PUB 445.00 658.16 GOD EN-91334 1 445.00 English Books

© Delhi Public Library
Hit Counter
free hit counter